000 03090nam0a2200409 4500
001 RU\NLR\BIBL_A\012915943
005 20221103124314.0
010 _a978-5-907241-34-3
_94000
021 _aRU
_bКН-П-22-061448
_9КН-П-22-5315
035 _a(NLR Aleph) 012915943
035 _a(RuMoRGB)011201701
090 _a12629175
_c12629175
100 _a20221020d2021 u y0rusy50 ca
101 1 _arus
_ceng
102 _aRU
105 _aa z 000zy
181 0 _ai3
_baxxe
182 0 _an
200 1 _aВымершие люди
_eпочему неандертальцы погибли, а мы выжили
_fКлайв Финлейсон
_gперевела с английского Марианна Струнникова
203 _aТекст
_bвизуальный
_cнепосредственный
210 _aСанкт-Петербург
_cПортал
_d2021
215 _a381, [1] с.
_cил.
_d22
225 1 _aВершина эволюции
300 _aЗагл. и авт. ориг.: The humans who went extinct / Clive Finlayson
300 _aНа 4-й с. обл. авт.: Клайв Финлейсон - проф., зоолог, палеоантрополог и палеонтолог
320 _aБиблиогр. в примеч.: с. 324-382
330 _aВсего лишь 28 000 лет назад в пещерах у Гибралтарского пролива закончилась эпоха неандертальцев. Мы привыкли считать их грубыми, неуклюжими и не слишком сообразительными людьми, над которыми легко взяли верх наши ловкие и хитрые предки... Но действительно ли это было так просто? Если рассматривать родословную человечества как схему с пересекающимися ветвями, то выяснится, что между отдельными видами людей очень много общего. К тому же большая часть признаков так называемой когнитивной революции была присуща и неандертальцам. Клайв Финлейсон уверен: судьбу неандертальцев и "современных людей" определили экологические факторы. Если бы климат не изменился в нашу пользу около 50 миллионов лет назад, все могло сложиться иначе..
333 _a12+
454 0 _12001#$aThe humans who went extinct$fClive Finlayson
_1700#1$aFinlayson$bC.$gClive
_tThe humans who went extinct
_aFinlayson, Clive
606 1 _aНеандертальцы
_91770518
_3RU\NLR\AUTH\66794988
675 _a572:551.583.7
_v4
686 1 _aЕ729.2
700 1 _aФинлейсон
_bК.
_gКлайв
942 _cBOOK
980 _aNB